[Event "Challenge"]
[Site "http://www.queenalice.com/game.php?id=515997"]
[Date "2009.1.2"]
[Round "-"]
[White "Ahlkhanvio"]
[Black "butanito"]
[Result "1-0"]
[WhiteElo "2297"]
[BlackElo "2200"]

1. d4 Nf6 2. Bg5 Ne4 3. Bf4 c5 4. f3 Qa5+ 5. c3 Nf6 6. Nd2 cxd4 7. Nb3 Qf5 8.
Bxb8 Rxb8 9. Qxd4 b6 10. e4 Qf4 11. Nh3 Qc7 12. e5 Ng8 13. O-O-O e6 14. f4 f5
15. Be2 Nh6 16. Rhg1 Be7 17. Nf2 O-O 18. Kb1 Kh8 19. g4 fxg4 20. Qd2 b5 21. Nxg4
Nf5 22. Ne3 Nxe3 23. Qxe3 a5 24. Bd3 Rf7 25. Qh3 1-0

[Event "Challenge"]
[Site "http://www.queenalice.com/game.php?id=516000"]
[Date "2009.1.2"]
[Round "-"]
[White "butanito"]
[Black "Ahlkhanvio"]
[Result "1/2-1/2"]
[WhiteElo "2197"]
[BlackElo "2272"]

1. e4 e6 2. d4 d5 3. Nc3 Nf6 4. Bg5 Be7 5. e5 Nfd7 6. Bxe7 Qxe7 7. f4 a6 8. Nf3
c5 9. dxc5 Nc6 10. Bd3 Nxc5 11. O-O Bd7 12. Qd2 h6 13. Ne2 Nxd3 14. cxd3 Qc5+
15. Kh1 O-O 16. Rac1 Qb6 17. Ng3 Rac8 18. Nh5 Ne7 19. Ng3 Nc6 1/2-1/2

[Event "Challenge"]
[Site "http://www.queenalice.com/game.php?id=526599"]
[Date "2009.1.21"]
[Round "-"]
[White "m"]
[Black "butanito"]
[Result "0-1"]
[WhiteElo "1960"]
[BlackElo "2213"]

1. e4 c5 2. Nf3 d6 3. d4 cxd4 4. Nxd4 Nf6 5. Nc3 g6 6. Bd3 Bg7 7. O-O O-O 8. Rb1
Nc6 9. Nf3 a6 10. Be3 b5 11. a3 Bb7 12. h3 Rc8 13. Qd2 Nd7 14. Bh6 Qa5 15. Bxg7
Kxg7 16. Qg5 Qd8 17. Rbd1 e6 18. Ne2 Qxg5 19. Nxg5 h6 20. Nf3 Nc5 21. c3 Ne5 22.
Nxe5 dxe5 23. f3 Na4 24. Rd2 Rfd8 25. Rfd1 Rxd3 26. Rxd3 Nxb2 27. Kf2 Nxd1+ 28.
Rxd1 Bc6 29. Rd6 Kf8 30. Ke3 Ke7 31. Rd2 Bb7 32. Kd3 f5 33. Rc2 Rc4 34. exf5
exf5 35. Ng3 h5 36. Nf1 e4+ 37. Ke3 f4+ 38. Ke2 e3 39. g3 g5 40. gxf4 gxf4 41.
Nxe3 fxe3 42. Kxe3 Bc8 43. Kd2 Bxh3 44. Rc1 Bf5 45. Re1+ Kf6 46. Re8 h4 47. Rf8+
Kg5 48. Rg8+ Kf4 49. Rh8 Kxf3 50. Rf8 Kg4 51. Rg8+ Kf4 52. Rf8 h3 53. Rh8 Kg3
54. Rf8 Bg4 55. Rh8 h2 56. Kd3 Bh3 57. Rg8+ Rg4 58. Rxg4+ Bxg4 0-1

[Event "Challenge"]
[Site "http://www.queenalice.com/game.php?id=526600"]
[Date "2009.1.21"]
[Round "-"]
[White "butanito"]
[Black "m"]
[Result "1-0"]
[WhiteElo "2197"]
[BlackElo "1967"]

1. e4 e5 2. Nf3 Nf6 3. d4 exd4 4. e5 Qe7 5. Be2 Ng4 6. Qxd4 d6 7. exd6 Qxd6 8.
Qxd6 Bxd6 9. Nc3 a6 10. Ne4 O-O 11. Nxd6 cxd6 12. h3 Ne5 13. O-O Nbc6 14. c3 Bf5
15. Rd1 Rad8 16. Be3 h6 17. Rd2 Rd7 18. Rad1 Rfd8 19. Bb6 Re8 20. Rxd6 Rxd6 21.
Rxd6 Re6 22. Rd1 Be4 23. Nd4 Nxd4 24. Bxd4 Nc6 25. Be3 Re7 26. Bg4 f5 27. Bh5
Kh7 28. Bc5 Re5 29. Bd6 Rd5 30. Rxd5 Bxd5 31. b3 Be4 32. Be2 Bb1 33. a3 Bc2 34.
b4 Bb3 35. Bd3 Kg6 36. f4 Bd5 37. Kf2 Kf6 38. c4 Be6 39. Ke3 g5 40. Bc7 g4 41.
b5 axb5 42. cxb5 Ne7 43. Bd8 Kf7 44. Bxe7 Kxe7 45. Kd4 Kf6 46. Kc5 h5 47. h4 Bb3
48. g3 Bd1 49. Bc4 Bf3 50. Kd6 Be4 51. b6 Bf3 52. a4 Bc6 53. a5 Bf3 54. Bd5 Bxd5
55. Kxd5 1-0

[Event "Challenge"]
[Site "http://www.queenalice.com/game.php?id=534549"]
[Date "2009.2.3"]
[Round "-"]
[White "RafaelCabral"]
[Black "butanito"]
[Result "1-0"]
[WhiteElo "2095"]
[BlackElo "2218"]

1. e4 d5 2. exd5 Qxd5 3. Nc3 Qa5 4. b4 Qxb4 5. Rb1 Qd6 6. Nf3 c6 7. Be2 Nf6 8.
O-O Qc7 9. d4 Bg4 10. Ng5 Bxe2 11. Nxe2 h6 12. Nf3 e6 13. Bf4 Qc8 14. c4 Be7 15.
Qb3 b6 16. Ne5 O-O 17. Qf3 Nfd7 18. Qg3 Kh8 19. Rb3 Qa6 20. Qh3 Nxe5 21. Bxe5
Kh7 22. Rg3 Rg8 23. Rf3 f6 24. Qxe6 fxe5 25. Qxe7 Qxc4 26. Ng3 Na6 27. Nh5 Kh8
28. Rf7 Rge8 29. Rf8+ 1-0

[Event "Challenge"]
[Site "http://www.queenalice.com/game.php?id=580134"]
[Date "2009.4.29"]
[Round "-"]
[White "butanito"]
[Black "RafaelCabral"]
[Result "1-0"]
[WhiteElo "2217"]
[BlackElo "2266"]

1. e4 c5 2. Nf3 d6 3. d4 cxd4 4. Nxd4 Nf6 5. Nc3 g6 6. Be3 Bg7 7. f3 O-O 8. Qd2
Nc6 9. O-O-O d5 10. exd5 Nxd5 11. Nxc6 bxc6 12. Bd4 e5 13. Bc5 Be6 14. Ne4 Re8
15. h4 h6 16. g4 Qc7 17. g5 h5 18. Bc4 Red8 19. Qf2 a5 20. a4 Qb7 21. Rhe1 Rab8
22. b3 Nf4 23. Bxe6 Nxe6 24. Nf6+ Bxf6 25. gxf6 Qc7 26. Rxd8+ Qxd8 27. Qe3 Qxf6
28. Qxe5 Qd8 29. Rd1 Qe8 30. Bd6 Ra8 31. Qf6 Qd8 32. Be7 Qb8 33. Kb2 c5 34. Bd6
Qd8 35. Be5 Qxf6 36. Bxf6 Rc8 37. Rd7 Ra8 38. Rb7 Kf8 39. Kc3 Ke8 40. Kc4 Nd8
41. Bxd8 Rxd8 42. Kxc5 Rc8+ 43. Kd6 Rd8+ 44. Ke5 Rc8 45. c4 Rc6 46. Rb5 Ra6 47.
Rb8+ Ke7 48. Rb7+ Ke8 49. c5 Re6+ 50. Kd5 Re3 51. c6 Kd8 52. b4 axb4 53. a5 Ra3
54. Kd6 Rd3+ 55. Kc5 Rc3+ 56. Kb6 b3 57. a6 b2 58. Rb8+ 1-0

[Event "Challenge"]
[Site "http://www.queenalice.com/game.php?id=580136"]
[Date "2009.4.29"]
[Round "-"]
[White "RafaelCabral"]
[Black "butanito"]
[Result "0-1"]
[WhiteElo "2179"]
[BlackElo "2202"]

1. e4 c5 2. Nf3 d6 3. d4 cxd4 4. Nxd4 Nf6 5. Nc3 a6 6. Bg5 e6 7. f4 Be7 8. Qf3
Qc7 9. O-O-O Nbd7 10. g4 b5 11. Bxf6 Nxf6 12. g5 Nd7 13. f5 Bxg5+ 14. Kb1 Ne5
15. Qh5 Qe7 16. fxe6 g6 17. exf7+ Kxf7 18. Qe2 Bg4 19. Qf2+ Qf6 20. Qxf6+ Bxf6
21. Rd2 Nf3 22. Nxf3 Bxf3 23. Rg1 Bxc3 24. Rf2 Be5 25. Rxf3+ Ke7 26. h4 Rhf8 27.
Be2 Rxf3 28. Bxf3 Rf8 29. Rf1 Rf4 30. h5 g5 31. Bg2 g4 32. Kc1 Rxf1+ 33. Bxf1
Kf6 34. b3 Kg5 35. Kd2 Kxh5 36. Ke3 Kg5 37. a3 h5 38. c4 bxc4 39. Bxc4 h4 40.
Bxa6 h3 41. Bf1 Kh4 0-1

[Event "Challenge"]
[Site "http://www.queenalice.com/game.php?id=582402"]
[Date "2009.5.3"]
[Round "-"]
[White "hiu_abu_abu"]
[Black "butanito"]
[Result "0-1"]
[WhiteElo "2013"]
[BlackElo "2251"]

1. d4 Nf6 2. c4 c5 3. d5 d6 4. Nc3 g6 5. Nf3 Bg7 6. Qc2 O-O 7. e4 e6 8. Be2 Re8
9. O-O Na6 10. a3 Nc7 11. Bg5 h6 12. Bh4 g5 13. Bg3 e5 14. h4 Nh5 15. hxg5 hxg5
16. Bh2 g4 17. Nd2 Qh4 18. Rfe1 Bd7 19. Nf1 Qg5 20. b4 Na6 21. Rab1 Nf4 22. b5
Nc7 23. b6 axb6 24. Rxb6 Rxa3 25. Rxd6 Bc8 26. Rb6 Rd8 27. Qb2 Ra5 28. Rb1 Na6
29. Ng3 Nb4 30. Ra1 Rxa1+ 31. Qxa1 Bf8 32. Nf5 Bxf5 33. exf5 Qxf5 34. Rxb7 Ra8
35. Qd1 Nxe2+ 36. Nxe2 Qd3 37. Qc1 Qxe2 38. Qg5+ Bg7 39. Bg3 Qe1+ 40. Kh2 Qe4
41. Qe7 Qh7+ 42. Bh4 Rf8 43. d6 Nc6 44. Qg5 Qd3 45. d7 Qxc4 46. Rc7 Nd8 47. Rc8
f6 48. Qg6 Qe6 49. Qd3 c4 50. Rxc4 f5 51. Rc8 Qh6 52. g3 Bf6 53. Qd6 Kg7 54. Kg2
Bxh4 55. Qxh6+ Kxh6 56. gxh4 Kh5 57. Kg3 f4+ 58. Kg2 Kxh4 59. f3 gxf3+ 60. Kxf3
Kg5 61. Rc5 Kf5 0-1

[Event "Challenge"]
[Site "http://www.queenalice.com/game.php?id=594568"]
[Date "2009.5.27"]
[Round "-"]
[White "butanito"]
[Black "Cueball600"]
[Result "1-0"]
[WhiteElo "2233"]
[BlackElo "2245"]

1. e4 e5 2. Nf3 Nc6 3. Bb5 a6 4. Ba4 Nf6 5. O-O Nxe4 6. d4 b5 7. Bb3 d5 8. Nxe5
Nxe5 9. dxe5 Bb7 10. c3 Bc5 11. Nd2 Qh4 12. Nxe4 dxe4 13. e6 fxe6 14. Bxe6 Rd8
15. Qe2 Bd6 16. g3 Qf6 17. Bb3 Qf5 18. f3 Bc5+ 19. Be3 Rd3 20. Bxc5 Qxc5+ 21.
Kh1 Re3 22. Qf2 Rf8 23. f4 Rxc3 24. Qxc5 Rxc5 25. Rac1 Rxc1 26. Rxc1 Kd7 27. Kg1
Rf6 28. Kf2 Rd6 29. Rd1 a5 30. Ke3 Ke7 31. Rxd6 cxd6 32. Kd4 a4 33. Bc2 Ke6 34.
Bxe4 Bxe4 35. Kxe4 d5+ 36. Kd4 Kd6 37. g4 b4 38. b3 axb3 39. axb3 g6 40. f5 g5
41. h3 h6 42. f6 Ke6 43. f7 Kxf7 44. Kxd5 h5 45. Ke5 Kg6 46. Ke6 Kg7 47. Kf5 Kh6
48. Kf6 Kh7 49. Kxg5 hxg4 50. hxg4 Kg7 51. Kf5 Kf7 52. g5 Kg7 53. g6 Kg8 54. Kf6
Kf8 55. Ke6 Kg7 56. Kd6 Kxg6 57. Kc5 Kf7 58. Kxb4 Ke7 59. Kb5 Kd7 60. Kb6 Kc8
61. b4 Kb8 62. b5 Ka8 63. Kc7 Ka7 64. b6+ 1-0

[Event "Challenge #1"]
[Site "http://www.queenalice.com/game.php?id=611454"]
[Date "2009.6.30"]
[Round "-"]
[White "Aylton"]
[Black "butanito"]
[Result "0-1"]
[WhiteElo "2045"]
[BlackElo "2245"]

1. d4 Nf6 2. Nf3 g6 3. c4 Bg7 4. Nc3 O-O 5. e3 d6 6. Be2 Nbd7 7. O-O Re8 8. h3
e5 9. d5 Nc5 10. b4 Nce4 11. Nxe4 Nxe4 12. Bb2 f5 13. Bd3 Nf6 14. Bc2 Qe7 15. a3
h6 16. Re1 g5 17. Nh2 Qf7 18. g4 f4 19. exf4 gxf4 20. f3 Bd7 21. Kg2 Rad8 22.
Bd3 c6 23. dxc6 Bxc6 24. b5 Bd7 25. a4 Be6 26. Qc2 Qc7 27. Rac1 Rc8 28. Qf2 Qa5
29. Qc2 Nd5 30. Qb3 Ne3+ 31. Kh1 d5 32. c5 Rxc5 33. Bc3 Qc7 34. Bd2 d4 35. Rxc5
Qxc5 36. Qb1 Qe7 37. Bxe3 fxe3 38. Kg2 Qh4 39. Be4 Qf2+ 40. Kh1 Rc8 41. Rf1 Qg3
42. Bxb7 Rc3 43. a5 d3 44. Rg1 Qxg1+ 45. Kxg1 d2 46. Qg6 d1=Q+ 47. Nf1 Bf7 0-1

[Event "Challenge #2"]
[Site "http://www.queenalice.com/game.php?id=611455"]
[Date "2009.6.30"]
[Round "-"]
[White "butanito"]
[Black "Aylton"]
[Result "1-0"]
[WhiteElo "2230"]
[BlackElo "1917"]

1. e4 c5 2. Nf3 Nc6 3. Bb5 a6 4. Bxc6 dxc6 5. d3 Nf6 6. h3 e6 7. Nc3 Be7 8. Bg5
h6 9. Bh4 O-O 10. e5 Nd5 11. Bxe7 Qxe7 12. O-O Nxc3 13. bxc3 b5 14. Qe2 Bb7 15.
Nd2 f5 16. exf6 Qxf6 17. Ne4 Qe5 18. Qe3 c4 19. Nc5 Qxe3 20. fxe3 Rxf1+ 21. Rxf1
Bc8 22. dxc4 Ra7 23. Rd1 Rc7 24. e4 Kf7 25. e5 Ke7 26. Kf2 Kf7 27. Ke3 Kg6 28.
Ke4 Kf7 29. Rd8 Ke7 30. Rd6 g6 31. Rd1 Kf7 32. Rd8 Ke7 33. Rh8 1-0

[Event "Challenge"]
[Site "http://www.queenalice.com/game.php?id=634058"]
[Date "2009.8.10"]
[Round "-"]
[White "forth_generation"]
[Black "butanito"]
[Result "0-1"]
[WhiteElo "1777"]
[BlackElo "2257"]

1. d4 Nf6 2. Nf3 g6 3. c4 Bg7 4. Nc3 O-O 5. e4 d6 6. Be2 c5 7. d5 e6 8. O-O Re8
9. Bf4 exd5 10. exd5 Ne4 11. Nxe4 Rxe4 12. Qd2 Bg4 13. Bd3 Bxf3 14. gxf3 Re8 15.
Rae1 Rxe1 16. Rxe1 Na6 17. Re2 Bf6 18. Bg3 Kg7 19. a3 h5 20. h3 Qd7 21. Kg2 Rh8
22. b4 b6 23. b5 Nc7 24. Qf4 Ne8 25. h4 Qd8 26. a4 Rf8 27. Re1 Be5 28. Qe3 Bf6
29. Rh1 Nc7 30. Qd2 a5 31. f4 Rh8 32. f5 g5 33. hxg5 Bxg5 34. f4 Bf6 35. Be2 h4
36. Bf2 Kf8 37. Bf3 Ke8 38. Re1+ Kd7 39. Kh2 Kc8 40. Kh3 Ne8 41. Bg4 Ng7 42. Kg2
Kc7 43. Kh2 Qg8 44. Qe2 Qh7 45. Bh3 Qh6 46. Qf3 Nh5 47. Re4 Rg8 48. Be1 Nxf4 49.
Rxf4 Be5 50. Bd2 Rg3 51. Qf1 Qg5 52. Kh1 Bxf4 53. Bxf4 Rxh3+ 54. Qxh3 Qxf4 55.
Qd3 Kd8 56. Kg2 Ke7 0-1

[Event "Challenge"]
[Site "http://www.queenalice.com/game.php?id=634059"]
[Date "2009.8.10"]
[Round "-"]
[White "butanito"]
[Black "forth_generation"]
[Result "1-0"]
[WhiteElo "2256"]
[BlackElo "1653"]

1. e4 d6 2. d4 Nf6 3. Nc3 g6 4. f4 Bg7 5. Nf3 O-O 6. Bd3 Nc6 7. e5 Nd7 8. Ne4
Nb4 9. Be2 Nb6 10. Ng3 Be6 11. c3 Nc6 12. O-O a6 13. b3 f6 14. exf6 Bxf6 15. Ng5
Bd7 16. Bd3 Qe8 17. f5 e5 18. Nxh7 Kxh7 19. fxg6+ Kg8 20. d5 Nxd5 21. Qh5 Qe7
22. Bc4 Be6 23. Nf5 Qd7 24. Nh6+ Kg7 25. Ng4 Kg8 26. Bxd5 Bxd5 27. Rxf6 Be6 28.
g7 1-0

[Event "Challenge"]
[Site "http://www.queenalice.com/game.php?id=638628"]
[Date "2009.8.18"]
[Round "-"]
[White "testouverture"]
[Black "butanito"]
[Result "0-1"]
[WhiteElo "2231"]
[BlackElo "2264"]

1. d4 Nf6 2. c4 c5 3. d5 d6 4. Nc3 g6 5. Nf3 Bg7 6. e4 O-O 7. Bg5 e6 8. Qd2 exd5
9. exd5 Bg4 10. O-O-O a6 11. Qf4 Bxf3 12. gxf3 Nbd7 13. Ne4 b5 14. Bh3 h6 15.
Bxh6 Nxe4 16. fxe4 Ne5 17. Bxg7 Kxg7 18. Rdg1 Nd3+ 0-1

[Event "Challenge"]
[Site "http://www.queenalice.com/game.php?id=642450"]
[Date "2009.8.25"]
[Round "-"]
[White "darewing"]
[Black "butanito"]
[Result "0-1"]
[WhiteElo "2423"]
[BlackElo "2281"]

1. c4 e5 2. Nc3 Nf6 3. Nf3 Nc6 4. g3 Bb4 5. Nd5 e4 6. Nh4 O-O 7. Bg2 Re8 8. O-O
Bc5 9. e3 d6 10. f3 Nxd5 11. cxd5 exf3 12. Nxf3 Nb8 13. d4 Bb6 14. Nd2 Qg5 15.
Nc4 Nd7 16. a4 a6 17. Nxb6 cxb6 18. e4 Qg6 19. Bf4 Nf6 20. e5 Bg4 21. Qb3 Nd7
22. Rfe1 dxe5 23. dxe5 Nc5 24. Qe3 Bf5 25. Bf1 Rad8 26. b4 Nd3 27. Bxd3 Bxd3 28.
d6 b5 29. Rad1 Bf5 30. axb5 axb5 31. Qb6 Bd7 32. Qxb7 Qf5 33. Rd5 Rb8 34. Qa7
Ra8 35. Qd4 Qh3 36. Rc5 Ra2 37. Bd2 h6 38. Rc7 Rea8 39. Rec1 Qe6 40. Rf1 R8a3
41. Rf2 Rb3 42. Bc1 Rxf2 43. Kxf2 Rb1 44. Kg1 Qb3 45. Qd2 Qe6 46. Qd4 Qb3 47.
Kf2 Qe6 48. Qe4 Ra1 49. Ke3 Ra2 50. Kd4 Ra6 51. Kc5 Kf8 52. Qd4 Qb3 53. Bd2 Qc2+
54. Bc3 Qg2 55. Qd3 Rc6+ 56. Kd4 Qg1+ 57. Ke4 Ke8 58. Qe2 Qb1+ 59. Kd4 Qg1+ 60.
Kd3 Qb1+ 61. Kd2 Ra6 62. Qe1 Qf5 63. Bb2 Ra2 64. Rc2 Kf8 65. Qe2 Kg8 66. Kc1 Be6
67. Rd2 Ra8 68. Bc3 Bd7 69. Qd3 Qe6 70. Qd5 Qe8 71. h4 Rd8 72. Rd1 Be6 73. Qb7
Rc8 74. Kb2 Bd7 75. Qf3 Qe6 76. Ra1 Bc6 77. Qd3 Qg4 78. Re1 Bd7 79. e6 Bxe6 80.
Re3 Ra8 81. Kc1 Rb8 82. Qd4 Rd8 83. Qb6 Rc8 84. Qxb5 Qd4 85. Qd3 Qxb4 86. Kd2
Qb3 87. Qd4 f6 88. Ke2 Qc2+ 89. Bd2 Qf5 90. Qe4 Bc4+ 91. Kd1 Qb5 92. Rc3 Bb3+
93. Kc1 Rb8 94. Rc7 Qa6 95. Bb4 Qa1+ 96. Kd2 f5 97. Qf4 Rb5 98. Rc1 Qa2+ 99. Ke1
Qa7 100. Kf1 Qb7 101. Bc5 Qh1+ 102. Ke2 Qg2+ 103. Bf2 Ba4 104. Ke1 Qh1+ 105. Kd2
Rb2+ 106. Kc3 Rb3+ 107. Kd2 Qd5+ 108. Qd4 Qa5+ 109. Rc3 Kh7 110. g4 Rb4 0-1

[Event "Challenge"]
[Site "http://www.queenalice.com/game.php?id=649787"]
[Date "2009.9.9"]
[Round "-"]
[White "butanito"]
[Black "nightw0lf"]
[Result "1-0"]
[WhiteElo "2252"]
[BlackElo "2078"]

1. e4 e5 2. Nf3 Nc6 3. Bb5 a6 4. Ba4 Nf6 5. O-O Be7 6. Re1 b5 7. Bb3 O-O 8. a4
Bb7 9. d3 d6 10. Nbd2 Nd4 11. Nxd4 exd4 12. Nf1 c5 13. Ng3 Rc8 14. Nf5 Re8 15.
Bg5 c4 16. Ba2 cxd3 17. cxd3 h6 18. Bxh6 gxh6 19. Nxh6+ Kg7 20. Nf5+ Kh8 21.
Bxf7 Rf8 22. Bg6 Rg8 23. Nh6 Rxg6 24. Nf7+ Kg7 25. Nxd8 Rxd8 26. axb5 1-0

[Event "Challenge"]
[Site "http://www.queenalice.com/game.php?id=655967"]
[Date "2009.9.21"]
[Round "-"]
[White "Conde7"]
[Black "butanito"]
[Result "1-0"]
[WhiteElo "2545"]
[BlackElo "2258"]

1. e4 c5 2. Nf3 d6 3. d4 cxd4 4. Nxd4 Nf6 5. Nc3 a6 6. Be3 e5 7. Nb3 Be7 8. f3
Be6 9. Qd2 Nbd7 10. g4 h6 11. O-O-O b5 12. h4 Nb6 13. Qf2 Nfd7 14. Kb1 Rc8 15.
Nd5 Bxd5 16. exd5 Nc4 17. Bc1 Qb6 18. Qe1 a5 19. Bxc4 bxc4 20. Nxa5 c3 21. Nc6
cxb2 22. Bxb2 Rc7 23. Rd4 Qc5 24. Rd3 Qb5 25. a4 Qa6 26. Rb3 Rc8 27. f4 Rxc6 28.
dxc6 Qxc6 29. a5 O-O 30. g5 Nc5 31. Rb6 Qc7 32. gxh6 Na4 33. Rg1 g6 34. Qe4 1-0

[Event "Challenge"]
[Site "http://www.queenalice.com/game.php?id=655968"]
[Date "2009.9.21"]
[Round "-"]
[White "butanito"]
[Black "Conde7"]
[Result "0-1"]
[WhiteElo "2255"]
[BlackElo "2551"]

1. e4 c5 2. Nf3 d6 3. d4 cxd4 4. Nxd4 Nf6 5. Nc3 a6 6. Bc4 e6 7. Bb3 b5 8. O-O
Be7 9. Qf3 Qb6 10. Bg5 Nbd7 11. Rad1 Bb7 12. Rfe1 O-O 13. Qg3 Nh5 14. Qh4 Bxg5
15. Qxg5 Nhf6 16. Qe3 Rfe8 17. f3 Rac8 18. Qf2 h6 19. a3 Rc5 20. Nde2 Ne5 21. h3
Qc7 22. Rd4 Ng6 23. Red1 Rd8 24. Qe3 Rg5 25. R4d2 Nh4 26. Nf4 d5 27. exd5 exd5
28. Nce2 d4 29. Nxd4 Re8 30. Nde6 fxe6 31. Nxe6 Rxe6 32. Bxe6+ Kh7 33. Qd3+ Rg6
34. Kh1 Nh5 0-1

[Event "Challenge"]
[Site "http://www.queenalice.com/game.php?id=675738"]
[Date "2009.10.31"]
[Round "-"]
[White "Defensor"]
[Black "butanito"]
[Result "0-1"]
[WhiteElo "2055"]
[BlackElo "2276"]

1. Nf3 Nf6 2. d4 g6 3. Bg5 Bg7 4. Bxf6 Bxf6 5. e4 c5 6. e5 Bg7 7. c3 Nc6 8. Bc4
O-O 9. O-O cxd4 10. cxd4 d6 11. Bb5 dxe5 12. Bxc6 bxc6 13. dxe5 Bg4 14. Nbd2
Bxe5 15. Qa4 Bxf3 16. Nxf3 Bxb2 17. Rab1 Rb8 18. Qxc6 Qa5 19. a4 Rb4 20. Nd2 Qf5
21. Qa6 Qf4 22. Qe2 Rfb8 23. Nf3 e5 24. Ne1 e4 25. g3 Qe5 26. Qc2 a5 27. Ng2 Qc3
28. Rxb2 Qxb2 29. Qc6 Qd4 30. Qc7 Qb6 31. Qc2 Rd4 0-1

[Event "Challenge"]
[Site "http://www.queenalice.com/game.php?id=742235"]
[Date "2010.3.7"]
[Round "-"]
[White "Elemptis"]
[Black "butanito"]
[Result "1/2-1/2"]
[WhiteElo "2321"]
[BlackElo "2297"]

1. e4 c5 2. Nf3 d6 3. d4 cxd4 4. Nxd4 Nf6 5. Nc3 a6 6. Bg5 e6 7. f4 Qb6 8. Qd2
Nc6 9. O-O-O Bd7 10. Nb3 O-O-O 11. Be2 Be7 12. Rhe1 h6 13. Bxf6 Bxf6 14. Qxd6
Bxc3 15. bxc3 e5 16. g3 Be6 17. Qc5 Qxc5 18. Nxc5 exf4 19. gxf4 g6 20. Nxe6 fxe6
21. Bc4 1/2-1/2